000 00570nam a2200193Ia 4500
005 20230517143440.0
008 230517b ||||| |||| 00| 0 eng d
020 _a9789350516676
040 _cAIMIT LIBRARY
082 _22
_a368.08
_bGUPP
100 _aGupta, P K
_9106908
245 _aInsurance and Risk Management /
_cBy P K Gupta
250 _a2nd ed.
260 _aNew Delhi :
_bHimalaya Publishing House,
_c2012
300 _a849p. ;
_bPB :
_c27.5 cm
650 _aInsurance
_9106909
650 _aRisk Management
_9106910
942 _2ddc
_cBK
_e2nd
_k368.08 GUPP
999 _c187048
_d187048